| 000 | 00526nam a2200181Ia 4500 | ||
|---|---|---|---|
| 003 | GCL | ||
| 008 | 140319s9999 xx 000 0 ara d | ||
| 040 |
_aGCL / _cGCL |
||
| 082 | 0 | 4 |
_a301 _bع م |
| 100 | 1 | _aعلى الجوات | |
| 245 | 1 | 0 |
_aمبادىء علم الاجتماع / _cعلى الجوات |
| 300 | _a336 ص | ||
| 490 |
_aمنشورات الجامعة المفتوحة _v0 |
||
| 650 | 0 | 4 | _aالمجتمع |
| 650 | 0 | 4 | _aالبناء الاجتماعى |
| 650 | 0 | 4 | _aالاجتماع، علم |
| 942 |
_2ddc _cBK |
||
| 999 |
_c43950 _d43950 |
||